The 1971 genocide in Bangladesh : lessons for the global community /

Bibliografiske detaljer
Hovedforfatter: Burgess, Patrick
Format: Bog
Sprog:English
Udgivet: Dhaka : Liberation War Museum, 2023.
Fag:
Classic Catalogue: View this record in Classic Catalogue
LEADER 01177nam a22002417a 4500
001 45110
003 BD-DhAAL
005 20251124172404.0
008 251123t2023 bg ||||| |||| 00| 0 eng d
020 |a 9789849020813 
040 |a BD-DhAAL  |c BD-DhAAL 
082 |a 364.151 
100 |a Burgess, Patrick.  |9 59880 
245 |a The 1971 genocide in Bangladesh :  |b lessons for the global community /  |c Patrick Burgess. 
260 |a Dhaka :  |b Liberation War Museum,  |c 2023. 
300 |a 23 pages ;  |c 16 cm 
541 |a Complimentary copy from Professor Afsan Chowdhury,(Department of English and Humanities, BRAC University).  |e 45110 
650 |a Genocide. 
650 |a Bangladesh Genocide  |y 1971.  |9 59898 
651 |a Bangladesh  |x History  |y 1971.  |9 59897 
942 |2 ddc  |c BK 
999 |c 47649  |d 47649 
952 |0 0  |1 0  |2 ddc  |4 0  |6 364_151000000000000_BUR  |7 0  |9 78534  |a BRACUL  |b BRACUL  |c BNC  |d 2025-11-23  |e Complimentary copy from Prof. Afsan Chowdhury (Department of English and Humanities, BRAC University).  |g 50.00  |l 0  |o 364.151 BUR  |p 3010045110  |r 2025-11-23  |t 1  |v 100.00  |w 2025-11-23  |y BK  |x Complimentary copy from Prof. Afsan Chowdhury (Department of English and Humanities, BRAC University) on 12 November 2025